| 000 | 00752nab#a2200265#c#4500 | ||
|---|---|---|---|
| 999 |
_c87674 _d87674 |
||
| 003 | IEF | ||
| 005 | 20191205102800.0 | ||
| 008 | 950704s1976 ESP|| #####0 b|SPA|u | ||
| 040 |
_aIEF _cES-MaIEF |
||
| 041 | _aSPA | ||
| 100 | 1 |
_aAnes Álvarez, Rafael _91493 |
|
| 245 |
_aLa Deuda Pública y el Banco de España (1874-1900) _c Rafael Anes Ávarez y Pedro Tedde de Lorca |
||
| 260 | _c1976 | ||
| 500 | _aBibliografía | ||
| 650 | 4 |
_aDEUDA PUBLICA _942647 |
|
| 650 | 4 |
_aESPAÑA _941092 |
|
| 650 | 4 |
_aBANCO DE ESPAÑA _932267 |
|
| 650 | 4 |
_aHISTORIA _945399 |
|
| 650 | 4 |
_aSIGLO XIX _948415 |
|
| 700 | 1 |
_aTedde de Lorca, Pedro _943157 |
|
| 773 | 0 |
_tHacienda pública española _w34570 _g38, p. 35-50 |
|
| 942 | _2udc | ||
| 942 | _2udc | ||